[Event "Leitersdorf Region-ch"]
[Site "Leitersdorf"]
[Date "2015.01.04"]
[Round "3"]
[White "Sailer, Werner"]
[Black "Schernthaner, David"]
[Result "1-0"]
[WhiteElo "1863"]
[BlackElo "1327"]
[PlyCount "97"]
[EventDate "2015.01.02"]
[EventType "swiss"]
[EventRounds "5"]
[EventCountry "AUT"]
[SourceTitle "CBM 164 Extra"]
[Source "ChessBase"]
[SourceDate "2015.03.02"]
[SourceVersion "1"]
[SourceVersionDate "2015.03.02"]
[SourceQuality "1"]

1. c4 c6 2. Nc3 d5 3. cxd5 cxd5 4. d4 Nf6 5. Nf3 Bf5 6. e3 Nc6 7. a3 e6 8. Bd3 Bxd3 9. Qxd3 Bd6 10. h3 0-0 11. 0-0 Qe7 12. b4 a6 13. Bb2 Rfc8 14. Rac1 Rc7 15. Na4 Ne4 16. Nc5 Nf6 17. Rc2 Rac8 18. Rfc1 Qd8 19. Nxb7 Rxb7 20. Rxc6 Rxc6 21. Rxc6 Rb6 22. Qc2 Rxc6 23. Qxc6 g6 24. Qxa6 Qc7 25. Qd3 Qc6 26. Nd2 Nd7 27. b5 Qc7 28. e4 Qa5 29. e5 Be7 30. Kh2 Nb6 31. Nb3 Qa7 32. Nc5 Nc4 33. Qb3 Bxc5 34. dxc5 Qxc5 35. a4 Qxf2 36. Bc1 Qd4 37. Bh6 Qxe5+ 38. Qg3 f6 39. Qxe5 fxe5 40. Bd2 Kf7 41. a5 e4 42. b6 e3 43. Bb4 Nxa5 44. Bxa5 d4 45. b7 d3 46. b8Q d2 47. Qf4+ Ke7 48. Bxd2 exd2 49. Qxd2 1-0

[Event "Steyr-ch"]
[Site "Lannach"]
[Date "2010.06.03"]
[Round "1.4"]
[White "Schein, Karl Heinz"]
[Black "Sailer, Werner"]
[Result "0-1"]
[WhiteElo "2231"]
[BlackElo "1799"]
[PlyCount "77"]
[EventDate "2010.06.03"]
[EventType "swiss"]
[EventRounds "16"]
[EventCountry "AUT"]
[SourceTitle "EXT 2024"]
[Source "ChessBase"]
[SourceDate "2023.10.10"]
[SourceVersion "1"]
[SourceVersionDate "2023.10.10"]
[SourceQuality "1"]

1. c4 Nf6 2. d4 g6 3. Nc3 Bg7 4. e4 d6 5. Nf3 0-0 6. Be2 Bg4 7. Ng1 Bxe2 8. Ngxe2 Nbd7 9. 0-0 c5 10. d5 Nb6 11. Qd3 a6 12. Bg5 Nbd7 13. f4 Rb8 14. Rae1 b5 15. b3 bxc4 16. bxc4 Rb4 17. Kh1 Nb6 18. e5 dxe5 19. fxe5 Ng4 20. e6 f5 21. d6 Qxd6 22. Qxd6 exd6 23. Be7 Re8 24. Bxd6 Rxc4 25. Bc7 Rxe6 26. Bxb6 Rxb6 27. Nd5 Rb2 28. h3 Nf6 29. Nxf6+ Bxf6 30. Nf4 Rxa2 31. Nd5 Kf7 32. Rb1 Rcc2 33. Rb6 Bh4 34. Rb7+ Kg8 35. Rd7 Rxg2 36. Rf4 Rgc2 37. Kg1 Rc1+ 38. Rf1 Bf2+ 39. Kh2 0-1